000 004610000a22001690004500
003 MACL
005 20160110174229.0
008 160110b xxu||||| |||| 00| 0 eng d
040 _aMACL
_cMACL
041 _aEnglish
082 _a923.2/NEH
100 _aAsia Publishing House
_931138
245 _aThe Emerging World
_bJawaharlal Nehru Memorial volume
260 _bAsia Publishing House
_c1965
_aBombay
650 _aBiography
_931139
942 _cBK
_k923.2
_2ddc
999 _c35713
_d35713